000 01017nam a2200289 4500
001 0000022648
003 CO-CtgCURN
005 20250730205956.0
008 160627s2007 000 0 eng d
020 _a9789589825914
040 _aCO-CtgCURN
_bspa
_ccoctgcurn
082 0 _a382.9861
_bM67l
100 1 _aMoreno Piraquive, Alexandra.
245 1 3 _aLa letra menuda del TLC /
_cAlexandra Moreno Piraquive.
260 _aBogotá :
_bGew Ltda,
_c2007.
300 _a428 p.
336 _2rdacontent
337 _2rdamedia
_asin mediacion
_bn
338 _2rdacarrier
_avolumen
_bnc
500 _aIncluye Anexos\Glosario\siglas y acronimos.
504 _aBibliografia(p. 371-373)
505 8 _aMexico y el NAFTA.--TLC chile- Estados Unidos.--Acuerdo CAN-Mercosur.--TLC Colombia-Estados Unidos.--Introducción al derecho Estadounidense
650 0 _aMercosur.
908 _a160627
942 _cBK
_h382.9861
_iM67l
_2ddc
999 _c49340
_d49340
_x1